00461nam a2200169Ia 4500003000400000005001700004008004100021020001800062040000700080041000800087082002300095100002300118245007800141260004400219300001400263365001400277OSt20230413115558.0210423s2007 xx 000 0 und d a9780415285438 cAL aeng a823.912223b PARD aPARSONS (Deborah). aTheorists of modernist novel:james joyu, dorthy richardan, virgima woolf. aNew DelhibRoutledge & Kegan Paulc2007 ax,162bPB b1097cINR